| 000 | 00689nam a2200253Ia 4500 | ||
|---|---|---|---|
| 003 | OSt | ||
| 005 | 20220924125743.0 | ||
| 006 | a|||||r|||| 00| 0 | ||
| 007 | ta | ||
| 008 | PER | ||
| 020 | _c900.00 | ||
| 024 | _a328836 | ||
| 037 | _cTextual | ||
| 040 |
_aARTS _cARTS _bPER |
||
| 041 |
_2PER _aPER |
||
| 082 | _aO164,1G07x, P7 | ||
| 100 |
_aBalkhi Jalaluddin Muhammad Au. _9198839 |
||
| 245 | 0 | _aGuzidah-e-ghazliyat kulliyat Shams Tabrizi | |
| 260 |
_aTehran _bFarhang-e-jamhuri islami Iran _c2007 |
||
| 300 |
_a726p. _ccm. |
||
| 650 | _aPERSIAN POETRY | ||
| 942 |
_hO164,1G07x, P7 _cTEXL _2CC |
||
| 999 |
_c423288 _d423288 |
||